| 000 | 00384nam a2200145Ia 4500 | ||
|---|---|---|---|
| 008 | 210210b1983 xxu||||| |||| 00| 0 eng d | ||
| 082 | _a617.1027 MIRF | ||
| 100 | _aMIRONOVA (Zoya). | ||
| 245 | _aForward returns to the game. | ||
| 260 |
_aMoscow. _bRaduga Publishers, _c1983 |
||
| 300 | _a365 | ||
| 650 | _aSport Medicines | ||
| 690 | _aAthletic & Outdoor Sports | ||
| 906 | _a042517 | ||
| 999 |
_c92115 _d92115 |
||